000 01129nam a2200229Ia 4500
999 _c30417
_d30417
003 OSt
005 20210608075834.0
008 160316s2011 xxu||||| |||| 00| 0 eng d
020 _a978-0199569830
040 _cNLS
082 _a302.5 DOW
100 _aDownes David
245 _aUnderstanding deviance : A guide to the sociology of crime and rule-breaking
250 _a6h
260 _aOxford
_bOxford University Press
_c2011
300 _a409p
_cxi
365 _bRs. 2,733
505 _aContents: 1. Theoretical Contexts: The Changing Nature and Scope of the Sociology of Crime and Deviance 2. Sources of Knowledge about Crime and Deviance 3. The Chicago School 4. Functionalism: The Durkheimian Legacy 5. Anomie and Strain Theory 6. Culture and Subculture 7. Symbolic Interactionism 8. Phenomenology 9. Control Theories 10. Radical Criminology 11. Feminist Criminology 12. Victimology 13. Public Criminology: Theory and Policy 14. The Metamorphosis of the Sociology of Crime and Deviance.
650 _a1. Deviant Behavior2. Crime - Sociological Aspects
700 _aRock Paul
_a
942 _2ddc
_cBK